LIBRARY & INFORMATION CENTRE, KCAET, TAVANUR

ONLINE PUBLIC ACCESS CATALOGUE (OPAC)

Essentials of food and nutrition: Appliled aspects Vol.I / (Record no. 17374)

MARC details
000 -LEADER
fixed length control field 00411cam a2200145ua 4500
003 - CONTROL NUMBER IDENTIFIER
control field OSt
008 - FIXED-LENGTH DATA ELEMENTS--GENERAL INFORMATION
fixed length control field 210211b ||||| |||| 00| 0 eng d
082 ## - DEWEY DECIMAL CLASSIFICATION NUMBER
Classification number 664
Item number SWA/ES
100 ## - MAIN ENTRY--AUTHOR NAME
Personal name Swaminathan, M .
245 ## - TITLE STATEMENT
Title Essentials of food and nutrition: Appliled aspects Vol.I /
250 ## - EDITION STATEMENT
Edition statement 2 / En Rv
260 ## - PUBLICATION, DISTRIBUTION, ETC. (IMPRINT)
Place of publication Bangalore :
Name of publisher Bangalore Printing & Publishing co. Ltd ,
Year of publication 2008
300 ## - PHYSICAL DESCRIPTION
Number of Pages 544
942 ## - ADDED ENTRY ELEMENTS (KOHA)
Koha item type Books
Holdings
Withdrawn status Lost status Damaged status Home library Current library Date acquired Full call number Accession Number Koha item type
      KAUAET KAUAET 11/02/2021 664 SWA/ES 24002 Books
free website counter